[Event "6tth ch-EUR IBCA 2015"]
[Site "Lyon FRA"]
[Date "2015.07.30"]
[Round "6.13"]
[White "Jandric, Damjan"]
[Black "Znuderl, Matej"]
[Result "1-0"]
[WhiteTitle "CM"]
[WhiteElo "2122"]
[BlackElo "2000"]
[WhiteFideId "921475"]
[BlackFideId "14604337"]
[EventDate "2015.07.25"]

1. e4 e5 2. Bc4 Nf6 3. d3 c6 4. Nf3 Be7 5. O-O Qc7 6. Bb3 O-O 7. c3 d6 8. Re1
Bg4 9. h3 Bh5 10. Nbd2 Nbd7 11. Nf1 Nc5 12. Bc2 d5 13. Ng3 dxe4 14. dxe4 Rad8
15. Qe2 Bg6 16. Nh4 Bxe4 17. Bxe4 Nfxe4 18. Nxe4 Nd3 19. Nf5 Nxe1 20. Qxe1 Rfe8
21. Qe2 Bf8 22. Qg4 Kh8 23. Bg5 Rd3 24. Bf6 Kg8 25. Nxg7 h5 26. Qg5 Kh7 27.
Qxh5+ Kg8 28. Nxe8 1-0

[Event "6tth ch-EUR IBCA 2015"]
[Site "Lyon FRA"]
[Date "2015.07.30"]
[Round "6.14"]
[White "Riegler, Dieter"]
[Black "Dalschaert, Didier"]
[Result "1/2-1/2"]
[WhiteElo "2095"]
[BlackElo "1836"]
[WhiteFideId "4606426"]
[BlackFideId "214019"]
[EventDate "2015.07.25"]

1. d4 d5 2. c4 e6 3. Nc3 Nf6 4. cxd5 exd5 5. Bg5 Be7 6. e3 c6 7. Qc2 O-O 8. Bd3
Nbd7 9. Nge2 h6 10. Bf4 Nh5 11. h3 Nxf4 12. Nxf4 Bg5 13. O-O-O Nf6 14. Kb1 Bxf4
15. exf4 Nh5 16. Qd2 Qf6 17. Ne2 Bf5 18. Bxf5 Qxf5+ 19. Ka1 Qe6 20. g4 Rae8 21.
Rde1 Nf6 22. Ng3 Ne4 23. Nxe4 dxe4 24. Re3 f5 25. f3 Qd6 26. fxe4 Qxf4 27. e5
fxg4 28. hxg4 c5 29. Qe2 1/2-1/2

[Event "6tth ch-EUR IBCA 2015"]
[Site "Lyon FRA"]
[Date "2015.07.30"]
[Round "6.15"]
[White "Kasimov, Rustam"]
[Black "Holmela, Kari"]
[Result "1/2-1/2"]
[WhiteElo "2196"]
[BlackElo "1871"]
[WhiteFideId "4194071"]
[BlackFideId "505528"]
[EventDate "2015.07.25"]

1. d4 Nf6 2. Nc3 d5 3. Bg5 Bf5 4. Bxf6 exf6 5. e3 c6 6. Bd3 Bxd3 7. Qxd3 Bd6 8.
Nf3 O-O 9. O-O Na6 10. a3 Nc7 11. e4 dxe4 12. Nxe4 Ne6 13. Rfe1 Re8 14. c4 Nf4
15. Qc2 Qd7 16. Ng3 g6 17. Rxe8+ Rxe8 18. Re1 Rxe1+ 19. Nxe1 Qe6 20. Kf1 h5 21.
Ne4 h4 22. h3 Be7 23. b4 f5 24. Nc5 Bxc5 25. bxc5 Qe4 26. Qxe4 fxe4 27. f3 exf3
28. Nxf3 Ne2 29. Kf2 g5 30. Ke3 f6 31. Nd2 Nf4 32. Kf3 f5 33. Nb3 Ne6 34. d5
cxd5 35. cxd5 Nc7 36. c6 bxc6 37. dxc6 Kf7 38. Nd4 Kf6 39. Ke3 a6 40. Nf3 Ne6
41. Nd4 Nc7 42. Kd3 g4 43. Kc4 Ke5 44. Kc5 Na8 45. a4 gxh3 46. gxh3 Ke4 47. Ne6
f4 48. Kb4 f3 49. Ng5+ Ke3 50. Nxf3 Kxf3 51. Ka5 Ke4 52. Kxa6 Kd5 53. Kb7 Kd6
54. Kxa8 Kxc6 55. Kb8 Kb6 56. Kc8 Ka5 57. Kd7 Kxa4 58. Ke6 Kb5 59. Kf5 1/2-1/2

[Event "6tth ch-EUR IBCA 2015"]
[Site "Lyon FRA"]
[Date "2015.07.30"]
[Round "6.16"]
[White "Deville, Olivier"]
[Black "Cajzler, Hinko"]
[Result "0-1"]
[WhiteElo "1868"]
[BlackElo "2135"]
[WhiteFideId "624160"]
[BlackFideId "14501376"]
[EventDate "2015.07.25"]

1. c4 f5 2. g3 Nf6 3. Bg2 g6 4. d4 Bg7 5. Nc3 d6 6. d5 c5 7. Nh3 Na6 8. O-O O-O
9. Rb1 Ng4 10. e3 Nc7 11. Qe2 Rb8 12. Bd2 Bd7 13. f3 Ne5 14. Nf2 b5 15. b3 b4
16. Ncd1 e6 17. f4 Nf7 18. e4 fxe4 19. Bxe4 exd5 20. cxd5 Re8 21. Qf3 Nb5 22.
Be3 Nh6 23. g4 Nd4 24. Bxd4 Bxd4 25. h3 Rf8 26. Kg2 Qe7 27. Ne3 Rbe8 28. Rbe1
Bc3 29. Re2 Qg7 30. Nc4 Nf7 31. Qd3 Bb5 32. Nd1 Bd4 33. Rfe1 g5 34. f5 Qf6 35.
Qc2 Re7 36. Bd3 Rxe2+ 37. Rxe2 Bxc4 38. bxc4 Ne5 39. Nf2 Bxf2 40. Rxf2 a5 41.
Be2 Ng6 42. Bf1 Nf4+ 43. Kh1 Kg7 44. h4 h6 45. hxg5 hxg5 46. Rh2 Rh8 47. Rxh8
Kxh8 48. Qa4 Qd8 49. Qc6 Kg7 50. Qb7+ Kf6 51. Qh7 a4 52. Qh6+ Ke5 53. Qg7+ Qf6
54. Qa7 a3 55. Qa4 Qh6+ 56. Kg1 Qh4 57. Qe8+ Kd4 58. f6 Qg3+ 59. Kh1 Qf2 0-1

[Event "6tth ch-EUR IBCA 2015"]
[Site "Lyon FRA"]
[Date "2015.07.30"]
[Round "6.17"]
[White "Carapit, Vasile"]
[Black "Schellmann, Frank"]
[Result "0-1"]
[BlackTitle "CM"]
[WhiteElo "1768"]
[BlackElo "2093"]
[WhiteFideId "1215140"]
[BlackFideId "4669916"]
[EventDate "2015.07.25"]

1. e4 e5 2. Nf3 Nc6 3. Bc4 Nf6 4. Ng5 d5 5. exd5 Na5 6. Bb5+ c6 7. dxc6 bxc6 8.
Bf1 h6 9. Nf3 e4 10. Ng1 Bc5 11. c3 Ng4 12. Nh3 Qf6 13. Qe2 O-O 14. f4 Nb7 15.
b3 a5 16. Ba3 Bf5 17. g3 Rfe8 18. Bg2 e3 19. d4 Bxa3 20. Nxa3 Nf2 21. Qf1 Nd3+
22. Ke2 Ndc5 23. dxc5 Qxc3 24. Qc1 Bd3+ 25. Kf3 Be4+ 26. Kg4 f5+ 27. Kh4 Qf6+
28. Ng5 Bxg2 29. Re1 0-1

[Event "6tth ch-EUR IBCA 2015"]
[Site "Lyon FRA"]
[Date "2015.07.30"]
[Round "6.18"]
[White "Klimis, Laertis"]
[Black "Platon, Constantin"]
[Result "1-0"]
[WhiteElo "1864"]
[BlackElo "1701"]
[WhiteFideId "4206983"]
[BlackFideId "13904264"]
[EventDate "2015.07.25"]

1. d4 Nf6 2. Nf3 d6 3. c4 Bg4 4. Qb3 Qc8 5. Nc3 Nbd7 6. Nh4 e5 7. e3 Be7 8. h3
Bh5 9. Bd3 Bg6 10. Nf5 Bxf5 11. Bxf5 g6 12. Bd3 Rb8 13. O-O exd4 14. exd4 O-O
15. Bg5 Re8 16. Qc2 Nd5 17. Bxe7 Nxe7 18. f4 f5 19. Rae1 Nf6 20. d5 c6 21. Re6
cxd5 22. Rxf6 Kg7 23. Qf2 Kxf6 24. Qh4+ Kg7 25. Qf2 Qc5 26. cxd5 Qxf2+ 27. Kxf2
Ng8 28. Nb5 Nf6 29. Nc7 Re7 30. Rc1 Ne4+ 31. Bxe4 Rxe4 32. Ne6+ Kf6 33. Rc7 Rb4
34. b3 a5 35. Kg1 a4 36. a3 Rxb3 37. Ng5 1-0

[Event "6tth ch-EUR IBCA 2015"]
[Site "Lyon FRA"]
[Date "2015.07.30"]
[Round "6.19"]
[White "Bindzus, Ernst"]
[Black "Morariu, Ionel"]
[Result "1-0"]
[WhiteElo "1890"]
[BlackElo "1863"]
[WhiteFideId "1411950"]
[BlackFideId "1220713"]
[EventDate "2015.07.25"]

1. e4 d5 2. exd5 Qxd5 3. Nc3 Qd6 4. d4 c6 5. Nf3 Nf6 6. g3 Bg4 7. Bg2 Nbd7 8.
O-O e6 9. Re1 Be7 10. a3 Nb6 11. Ne2 O-O 12. Bf4 Qd7 13. Ne5 Qd8 14. Bg5 Bf5 15.
c4 Qc7 16. b4 Rfd8 17. Qb3 h6 18. Bf4 g5 19. Be3 Nbd7 20. Nf3 Ng4 21. h3 Nxe3
22. Qxe3 a5 23. g4 Bg6 24. h4 axb4 25. axb4 Bxb4 26. hxg5 Bxe1 27. Rxe1 e5 28.
gxh6 Qa5 29. dxe5 Re8 30. Nf4 Bh7 31. Qd4 Nf8 32. e6 Nxe6 33. Nxe6 f6 34. Qd7 1-0

[Event "6tth ch-EUR IBCA 2015"]
[Site "Lyon FRA"]
[Date "2015.07.30"]
[Round "6.20"]
[White "Martinez Colomar, Alejandro"]
[Black "Wikman, Bengt"]
[Result "0-1"]
[WhiteElo "1853"]
[BlackElo "1886"]
[WhiteFideId "32031491"]
[BlackFideId "503681"]
[EventDate "2015.07.25"]

1. c4 g6 2. g3 Bg7 3. Bg2 Nf6 4. e4 e5 5. Nc3 c6 6. Nge2 d6 7. O-O O-O 8. d3
Nbd7 9. h3 Nc5 10. Be3 Ne6 11. d4 Re8 12. d5 cxd5 13. Nxd5 Nc5 14. Nec3 Be6 15.
Nxf6+ Bxf6 16. Nd5 Bxd5 17. Qxd5 Qc7 18. Rad1 Red8 19. Qd2 Ne6 20. Qe2 Rac8 21.
b3 Qa5 22. Rd5 Qc7 23. h4 h5 24. Bh3 b6 25. Qd2 Be7 26. Rd1 Qb7 27. f3 Rc7 28.
Qf2 Ng7 29. f4 f6 30. f5 g5 31. g4 Kf7 32. hxg5 fxg5 33. f6 Bxf6 34. Bxg5 Ne8
35. Bxf6 Nxf6 36. g5 Rg8 37. Qxf6+ Ke8 38. Qg6+ 0-1

[Event "6tth ch-EUR IBCA 2015"]
[Site "Lyon FRA"]
[Date "2015.07.30"]
[Round "6.21"]
[White "Schmeisser, Andre"]
[Black "Pirosca, Alexandru"]
[Result "0-1"]
[WhiteElo "1740"]
[BlackElo "2003"]
[WhiteFideId "634107"]
[BlackFideId "1211110"]
[EventDate "2015.07.25"]

1. e4 c5 2. Nc3 Nc6 3. g4 g6 4. h3 Bg7 5. d3 e6 6. Be3 Nd4 7. Bg2 d6 8. Nge2 Ne7
9. Ng3 Rb8 10. Nce2 Nxe2 11. Nxe2 Bxb2 12. Rb1 Bg7 13. O-O O-O 14. Qd2 b6 15.
Bh6 Bxh6 16. Qxh6 f5 17. exf5 exf5 18. g5 Be6 19. Nf4 Bf7 20. Rfe1 Qd7 21. Re2
Kh8 22. Rbe1 Ng8 23. Qh4 Rfe8 24. Bd5 Rxe2 25. Rxe2 Re8 26. Kf1 Rxe2 27. Kxe2
Bxd5 28. Nxd5 Qe6+ 29. Ne3 Qxa2 30. Qf4 Qe6 31. d4 Ne7 32. Kf1 Kg7 33. dxc5 bxc5
34. Nc4 d5 35. Nd6 Nc6 36. Nb5 Qe5 37. Qxe5+ Nxe5 38. Nxa7 Nf3 39. h4 Nxh4 40.
Ke2 Ng2 41. Nb5 Nf4+ 42. Ke3 Ne6 43. f4 h6 44. gxh6+ Kxh6 45. Nd6 Kg7 46. Kf3
Kf6 47. c4 d4 48. Nb5 g5 49. fxg5+ Nxg5+ 50. Ke2 Ne4 51. Kf3 Nc3 52. Kf4 Nxb5
53. cxb5 Ke6 0-1

[Event "6tth ch-EUR IBCA 2015"]
[Site "Lyon FRA"]
[Date "2015.07.30"]
[Round "6.22"]
[White "Cizman, Gregor"]
[Black "Tonteri, Ari"]
[Result "1/2-1/2"]
[WhiteElo "1618"]
[BlackElo "1938"]
[WhiteFideId "14605660"]
[BlackFideId "503479"]
[EventDate "2015.07.25"]

1. d4 Nf6 2. Nf3 e6 3. Bf4 b6 4. e3 Bb7 5. Nbd2 Be7 6. Be2 O-O 7. h3 d6 8. O-O
Nbd7 9. c4 c5 10. Rc1 Rc8 11. Re1 a6 12. Nb3 Re8 13. dxc5 Nxc5 14. Nxc5 Rxc5 15.
b3 d5 16. cxd5 Nxd5 17. Rxc5 Bxc5 18. Be5 Bb4 19. Rf1 Nc3 20. Bxc3 Bxc3 21. Qc2
Qf6 22. Rd1 Rb8 23. Rd7 b5 24. a3 h6 25. Nd4 1/2-1/2

[Event "6tth ch-EUR IBCA 2015"]
[Site "Lyon FRA"]
[Date "2015.07.30"]
[Round "6.23"]
[White "Hilton, Stephen H"]
[Black "Steinhart, Matthias"]
[Result "1/2-1/2"]
[WhiteElo "1880"]
[BlackElo "1768"]
[WhiteFideId "415030"]
[BlackFideId "24615340"]
[EventDate "2015.07.25"]

1. d4 d5 2. Nf3 Nc6 3. Bf4 Bg4 4. e3 e6 5. Be2 Nf6 6. Nbd2 Bd6 7. Bg5 Be7 8. O-O
O-O 9. c4 Ne4 10. Bxe7 Nxe7 11. h3 Nxd2 12. Qxd2 Bh5 13. Rac1 c6 14. Ne5 Bxe2
15. Qxe2 Ng6 16. Nd3 Qe7 17. Rfd1 Rfd8 18. cxd5 Rxd5 19. Rc5 Rad8 20. Rdc1 e5
21. Rxd5 Rxd5 22. dxe5 Nxe5 23. Nxe5 Qxe5 24. Qc2 Qd6 25. Qb3 Qd7 26. Qa4 1/2-1/2

[Event "6tth ch-EUR IBCA 2015"]
[Site "Lyon FRA"]
[Date "2015.07.30"]
[Round "6.24"]
[White "Gasperoni, Claudio"]
[Black "Murgia, Stefano"]
[Result "1/2-1/2"]
[WhiteElo "1867"]
[BlackElo "1705"]
[WhiteFideId "825450"]
[BlackFideId "876011"]
[EventDate "2015.07.25"]

1. d4 f5 2. g3 g6 3. Nc3 Nf6 4. Nh3 Bg7 5. Bg2 Nc6 6. d5 Ne5 7. Nf4 Nc4 8. h4
Kf7 9. Rb1 e6 10. dxe6+ dxe6 11. Qxd8 Rxd8 12. b3 1/2-1/2

[Event "6tth ch-EUR IBCA 2015"]
[Site "Lyon FRA"]
[Date "2015.07.30"]
[Round "6.25"]
[White "Eichstaedt, Mirko"]
[Black "Lapadatu, Teodor"]
[Result "1-0"]
[WhiteElo "1997"]
[BlackElo "1846"]
[WhiteFideId "24692310"]
[BlackFideId "1212508"]
[EventDate "2015.07.25"]

1. d4 Nf6 2. Nf3 g6 3. g3 Bg7 4. Bg2 O-O 5. O-O d5 6. c4 e6 7. Nc3 c6 8. Qb3
Nbd7 9. Bf4 dxc4 10. Qxc4 Nd5 11. Bg5 Bf6 12. Bxf6 N7xf6 13. Rfd1 Qe7 14. Rac1
Nd7 15. Ne5 f6 16. Nd3 Kg7 17. b4 Nxc3 18. Qxc3 e5 19. dxe5 Nxe5 20. Nxe5 Qxe5
21. Qxe5 fxe5 22. b5 Be6 23. bxc6 bxc6 24. Rxc6 Bxa2 25. Rc7+ 1-0

[Event "6tth ch-EUR IBCA 2015"]
[Site "Lyon FRA"]
[Date "2015.07.30"]
[Round "6.26"]
[White "Duthoit, Bernard"]
[Black "Muri, Emil"]
[Result "0-1"]
[WhiteElo "1372"]
[BlackElo "1951"]
[WhiteFideId "20652143"]
[BlackFideId "14601354"]
[EventDate "2015.07.25"]

1. e4 d5 2. d3 dxe4 3. dxe4 Qxd1+ 4. Kxd1 Nf6 5. e5 Ng4 6. Ke2 Nxe5 7. Bf4 Nbc6
8. g3 Bg4+ 9. f3 Bf5 10. Nc3 O-O-O 11. Rd1 Bxc2 12. Rxd8+ Kxd8 13. Kf2 e6 14.
Nge2 Bc5+ 15. Kg2 Nd3 16. b3 Ne1+ 17. Kh3 e5 18. Bc1 Nxf3 19. Bg2 Nfd4 20. Nxd4
Bxd4 21. Nb5 Bb6 22. Re1 f6 23. Re2 Bf5+ 24. g4 Bd7 25. Be3 h5 26. Bxb6 Bxg4+ 0-1

[Event "6tth ch-EUR IBCA 2015"]
[Site "Lyon FRA"]
[Date "2015.07.30"]
[Round "6.27"]
[White "Nedu, Razvan"]
[Black "Siret, Bernard"]
[Result "1-0"]
[WhiteElo "1551"]
[BlackElo "1698"]
[WhiteFideId "1246119"]
[BlackFideId "20618948"]
[EventDate "2015.07.25"]

1. e4 c5 2. Nf3 d6 3. d4 cxd4 4. Nxd4 Nf6 5. Nc3 g6 6. g3 Bg7 7. Bg2 O-O 8. O-O
Nbd7 9. Nb3 Rb8 10. Bf4 Nh5 11. Bd2 a6 12. Rb1 b5 13. Nd5 Bb7 14. Ba5 Qe8 15.
Bc3 Bxc3 16. Nxc3 Nhf6 17. Re1 Qd8 18. h4 b4 19. Nd5 Nxd5 20. exd5 Re8 21. Nd4
Rc8 22. c3 bxc3 23. bxc3 Ba8 24. Qa4 Nb6 25. Qxa6 Nxd5 26. c4 Nc7 27. Qb6 Bxg2
28. Kxg2 Ra8 29. Ra1 Ra6 30. Qb7 Kf8 31. Nb5 Nxb5 32. Qxa6 Nd4 33. Red1 e5 34.
Rab1 Qf6 35. Qa3 Rc8 36. Rb6 Ke7 37. Rc1 e4 38. Qe3 Qf5 39. Qxd4 1-0

[Event "6tth ch-EUR IBCA 2015"]
[Site "Lyon FRA"]
[Date "2015.07.30"]
[Round "6.28"]
[White "Megelas, Florent"]
[Black "Drazetic, Novica"]
[Result "0-1"]
[WhiteElo "1504"]
[BlackElo "1613"]
[WhiteFideId "642797"]
[BlackFideId "14529483"]
[EventDate "2015.07.25"]

1. e4 e5 2. Nf3 Nc6 3. Bc4 Bc5 4. c3 Nf6 5. d4 exd4 6. cxd4 Bb4+ 7. Bd2 Bxd2+ 8.
Nbxd2 d6 9. Qb3 O-O 10. O-O Na5 11. Qc3 Nxc4 12. Qxc4 d5 13. exd5 Nxd5 14. Rac1
c6 15. Rfe1 Be6 16. Qc5 Nf4 17. Re3 Bd5 18. Nf1 Bxf3 19. gxf3 Qh4 20. Qf5 Rae8
21. Rce1 Nh3+ 22. Kh1 g6 23. Rxe8 gxf5 24. Rxf8+ Kxf8 25. Ng3 f4 0-1

[Event "6tth ch-EUR IBCA 2015"]
[Site "Lyon FRA"]
[Date "2015.07.30"]
[Round "6.29"]
[White "Dietsche, Birgit"]
[Black "Antonic, Nenad"]
[Result "1-0"]
[WhiteElo "1487"]
[BlackElo "1450"]
[WhiteFideId "4637488"]
[BlackFideId "20601506"]
[EventDate "2015.07.25"]

1. d4 d5 2. Bf4 e6 3. e3 Bd6 4. Bg3 Nf6 5. Nd2 Nbd7 6. Ngf3 b6 7. Bd3 Bb7 8. c3
Qe7 9. Ne5 g6 10. Nxd7 Qxd7 11. Bh4 Be7 12. Nf3 Qd8 13. Ne5 Nh5 14. Bxe7 Qxe7
15. Bb5+ Kf8 16. Qf3 Nf6 17. Bc6 Bxc6 18. Nxc6 Qe8 19. Qxf6 Rg8 20. Ne5 Qe7 21.
Qxe7+ Kxe7 22. Ke2 f6 23. Nd3 g5 24. h3 h5 25. g4 h4 26. f4 gxf4 27. Nxf4 Raf8
28. Rhf1 f5 29. gxf5 Rxf5 30. Rg1 Rfg5 31. Rxg5 Rxg5 32. Kf2 Kd6 33. Rg1 Rf5 34.
Rg6 Ke7 35. Ke2 Kf7 36. Rg4 Kf6 37. Rxh4 Rg5 38. Rh6+ Kf5 39. Rxe6 c5 40. Re5+
Kf6 41. Nxd5+ Kg6 42. Rxg5+ Kxg5 43. dxc5 bxc5 44. Kf3 Kh4 45. Nf4 c4 46. e4 Kg5
47. e5 Kf5 48. e6 Kf6 49. h4 a6 50. h5 Kg7 51. Kg4 a5 52. Kg5 a4 53. h6+ Kh7 54.
e7 a3 55. bxa3 Kh8 56. e8=Q+ Kh7 57. Qg6+ Kh8 58. Qg7# 1-0

[Event "6tth ch-EUR IBCA 2015"]
[Site "Lyon FRA"]
[Date "2015.07.30"]
[Round "6.30"]
[White "Bremer, Erik"]
[Black "L'herbon De Lussats, Jean"]
[Result "1/2-1/2"]
[WhiteElo "1475"]
[BlackElo "1416"]
[WhiteFideId "1411578"]
[BlackFideId "20652194"]
[EventDate "2015.07.25"]

1. e4 c5 2. Nf3 Nc6 3. d4 cxd4 4. Nxd4 e5 5. Nb3 Nf6 6. Nc3 Bb4 7. Bd3 d5 8.
exd5 Nxd5 9. Bd2 Be6 10. O-O O-O 11. Ne4 Qc7 12. c3 Be7 13. Ng5 g6 14. Qf3 Nf4
15. Nxe6 Nxe6 16. Be3 Rad8 17. Bc2 Rd7 18. Rad1 Rfd8 19. Rxd7 Rxd7 20. Rd1 Bg5
21. Rxd7 Qxd7 22. Nc5 Qe7 23. Nxe6 Bxe3 24. Qxe3 Qxe6 25. Bb3 Qd7 26. Qe2 Kg7
27. Qd1 Qf5 28. Bc2 Qg5 29. Be4 Qf6 30. Bxc6 Qxc6 31. h3 Qe6 32. a3 h5 33. b3 b6
34. c4 a5 35. a4 f5 36. Qd8 e4 37. Qc7+ Kh6 38. Qb8 e3 39. Qf4+ g5 40. Qxe3 Qf6
41. Qd3 Qa1+ 42. Kh2 Qe5+ 43. Kg1 Qa1+ 44. Kh2 Qe5+ 45. Kg1 1/2-1/2

[Event "6tth ch-EUR IBCA 2015"]
[Site "Lyon FRA"]
[Date "2015.07.31"]
[Round "7.1"]
[White "Babarykin, Stanislav"]
[Black "Tazbir, Marcin"]
[Result "0-1"]
[WhiteTitle "FM"]
[BlackTitle "GM"]
[WhiteElo "2357"]
[BlackElo "2516"]
[WhiteFideId "4101898"]
[BlackFideId "1122452"]
[EventDate "2015.07.25"]

1. d4 Nf6 2. Bf4 g6 3. e3 Bg7 4. Nf3 O-O 5. Be2 d6 6. h3 Nfd7 7. O-O e5 8. Bh2
Nc6 9. c4 e4 10. Nfd2 f5 11. Nc3 Nf6 12. Rc1 g5 13. d5 Ne7 14. b4 Ng6 15. c5 Qe7
16. Qc2 Bd7 17. c6 bxc6 18. dxc6 Be6 19. Nb3 d5 20. Nd4 f4 21. Nxe6 Qxe6 22.
exf4 gxf4 23. f3 e3 24. Bd3 Qxc6 25. Nxd5 Qxc2 26. Nxf6+ Bxf6 27. Rxc2 Be5 28.
Rd1 Rad8 29. Kf1 Kg7 30. Ke2 Rd4 31. Rc4 Rfd8 32. Rxd4 Rxd4 33. a3 Kf6 34. Bxg6
Rxd1 35. Kxd1 hxg6 36. Ke2 g5 37. g3 fxg3 38. Bg1 Bf4 39. Bxe3 Bxe3 40. Kxe3 Ke5
41. Ke2 Kf4 0-1

[Event "6tth ch-EUR IBCA 2015"]
[Site "Lyon FRA"]
[Date "2015.07.31"]
[Round "7.2"]
[White "Mueller, Oliver"]
[Black "Dukaczewski, Piotr"]
[Result "1-0"]
[WhiteTitle "FM"]
[BlackTitle "IM"]
[WhiteElo "2269"]
[BlackElo "2237"]
[WhiteFideId "4633385"]
[BlackFideId "1103520"]
[EventDate "2015.07.25"]

1. d4 f5 2. Nc3 Nf6 3. Bg5 d5 4. Bxf6 exf6 5. e3 Nc6 6. g3 Be6 7. Bg2 Qd7 8.
Nge2 Bf7 9. a3 O-O-O 10. Nf4 Ne7 11. Nd3 Kb8 12. Nc5 Qe8 13. Qe2 Nc8 14. b4 h5
15. h4 g6 16. a4 Bh6 17. a5 g5 18. f4 Rg8 19. hxg5 fxg5 20. Nd3 gxf4 21. gxf4
Rxg2 22. Qxg2 Qxe3+ 23. Ne2 Re8 24. Ne5 Nd6 25. Rh3 Qe4 26. Qxe4 fxe4 27. Nxf7
Nxf7 28. Rxh5 c6 29. b5 cxb5 30. Rxd5 a6 31. c4 bxc4 32. Rd7 Nd8 33. Rc1 Nc6 34.
Rxc4 Nxa5 35. Rcc7 Bf8 36. Rh7 e3 37. Rcf7 Ka7 38. Ng3 Kb6 39. Ke2 Ba3 40. Nf5
Kc6 41. Rc7+ Kb5 42. Rc3 Kb4 43. Rxe3 Rf8 44. Ne7 b5 45. Nd5+ Ka4 46. Nb6+ Kb4
47. Rh1 Nc6 48. Rb1+ Ka5 49. Nc4+ 1-0

[Event "6tth ch-EUR IBCA 2015"]
[Site "Lyon FRA"]
[Date "2015.07.31"]
[Round "7.3"]
[White "Stachanczyk, Jacek"]
[Black "Dimic, Pavle"]
[Result "1/2-1/2"]
[WhiteTitle "FM"]
[BlackTitle "FM"]
[WhiteElo "2259"]
[BlackElo "2305"]
[WhiteFideId "1116657"]
[BlackFideId "937428"]
[EventDate "2015.07.25"]

1. e4 c6 2. d4 d5 3. Nc3 dxe4 4. Nxe4 Bf5 5. Ng3 Bg6 6. h4 h6 7. Nf3 Nd7 8. h5
Bh7 9. Bd3 Bxd3 10. Qxd3 e6 11. Bd2 Ngf6 12. O-O-O Be7 13. Kb1 O-O 14. Ne4 c5
15. dxc5 Nxc5 16. Nxf6+ 1/2-1/2

[Event "6tth ch-EUR IBCA 2015"]
[Site "Lyon FRA"]
[Date "2015.07.31"]
[Round "7.4"]
[White "Meshkov, Yuri A."]
[Black "Grigorchuk, Sergey"]
[Result "1/2-1/2"]
[WhiteTitle "IM"]
[BlackTitle "CM"]
[WhiteElo "2349"]
[BlackElo "2295"]
[WhiteFideId "4107101"]
[BlackFideId "14114879"]
[EventDate "2015.07.25"]

1. Nf3 d5 2. c4 e6 3. g3 Nf6 4. Bg2 Be7 5. O-O O-O 6. d4 c6 7. Qc2 Nbd7 8. Nbd2
b6 9. b3 Bb7 10. Bb2 c5 11. dxc5 Bxc5 12. Rad1 Rc8 13. Qb1 Qe7 14. Nd4 Rfd8 15.
Qa1 Ba6 16. Rc1 Bxd4 1/2-1/2

[Event "6tth ch-EUR IBCA 2015"]
[Site "Lyon FRA"]
[Date "2015.07.31"]
[Round "7.5"]
[White "Pribeanu, Mihail-Dacian"]
[Black "Wassin, Sergej"]
[Result "1/2-1/2"]
[WhiteTitle "FM"]
[BlackTitle "FM"]
[WhiteElo "2120"]
[BlackElo "2298"]
[WhiteFideId "1209094"]
[BlackFideId "14103494"]
[EventDate "2015.07.25"]

1. e4 c5 2. Nc3 Nc6 3. g3 g6 4. Bg2 Bg7 5. d3 d6 6. f4 e6 7. Nf3 Nge7 8. O-O O-O
9. Be3 Nd4 10. Rb1 Rb8 11. Ne2 Nxf3+ 12. Bxf3 b6 13. c3 Bb7 14. Qd2 Qc7 15. d4
f5 16. e5 Bxf3 17. Rxf3 d5 18. Rc1 c4 19. h3 b5 20. a3 a5 21. g4 b4 22. axb4
axb4 23. Bf2 bxc3 24. bxc3 Rb3 25. Bh4 Rfb8 26. Rc2 Kh8 27. Rf1 Ng8 28. gxf5
gxf5 29. Ng3 Qf7 30. Qe2 Rb1 31. Rxb1 Rxb1+ 32. Kh2 Qg6 33. Qf3 Rb7 34. Nh5 Qe8
35. Rg2 Ra7 36. Qd1 Rb7 37. Qe2 Ra7 38. Kh1 Ra1+ 39. Kh2 Ra7 40. Qd1 Rb7 1/2-1/2

[Event "6tth ch-EUR IBCA 2015"]
[Site "Lyon FRA"]
[Date "2015.07.31"]
[Round "7.6"]
[White "Komissarov, Alexey"]
[Black "Jandric, Damjan"]
[Result "1-0"]
[BlackTitle "CM"]
[WhiteElo "2191"]
[BlackElo "2122"]
[WhiteFideId "4176545"]
[BlackFideId "921475"]
[EventDate "2015.07.25"]

1. Nf3 Nf6 2. g3 g6 3. Bg2 Bg7 4. O-O O-O 5. a3 d6 6. Nc3 e5 7. Rb1 c6 8. b4 h6
9. d3 Be6 10. Bd2 Nbd7 11. Qc1 Kh7 12. e4 Ng8 13. b5 Qc7 14. Qd1 d5 15. bxc6
bxc6 16. exd5 cxd5 17. Nb5 Qc6 18. c4 Rab8 19. Bb4 Rfd8 20. Nc3 Ngf6 21. Re1 Qa6
22. cxd5 Nxd5 23. Nxd5 Bxd5 24. Ng5+ hxg5 25. Bxd5 f6 26. Bc4 Qc6 27. Rc1 Qb7
28. Qg4 Nb6 29. Qh3+ Bh6 30. Bb5 Qf7 31. Rc6 Kg7 32. Qg2 g4 33. Re4 Nd5 34. Bc4
Qb7 35. Bxd5 Rxd5 36. Rxg4 Rxd3 37. Qe4 Rd1+ 38. Kg2 g5 39. Qf3 Kg8 40. Qxf6 Bg7
41. Qe6+ Qf7 42. Qxf7+ Kxf7 43. Rxg5 Rb7 44. Rf5+ Kg8 45. h4 Rd5 46. Rc8+ Kh7
47. Rh5+ Kg6 48. Rg5+ Kh7 49. g4 1-0

[Event "6tth ch-EUR IBCA 2015"]
[Site "Lyon FRA"]
[Date "2015.07.31"]
[Round "7.7"]
[White "Ross, Chris N"]
[Black "Clemente Llamero, Roberto"]
[Result "1-0"]
[WhiteTitle "CM"]
[WhiteElo "2184"]
[BlackElo "2076"]
[WhiteFideId "410411"]
[BlackFideId "2257696"]
[EventDate "2015.07.25"]

1. e4 c6 2. d4 d5 3. Nd2 dxe4 4. Nxe4 Nd7 5. Nf3 Ngf6 6. Nxf6+ Nxf6 7. Bc4 Nd5
8. O-O Bg4 9. Bb3 e6 10. c4 Nf6 11. d5 exd5 12. cxd5 Nxd5 13. Re1+ Be7 14. Qd4
Nf6 15. Qe5 Bxf3 16. gxf3 Kf8 17. Bg5 Bd6 18. Qf5 Qd7 19. Qd3 Qc7 20. Bxf6 gxf6
21. Rad1 Rd8 22. Kh1 h5 23. Qc3 Be5 24. Qb4+ c5 25. Rxd8+ Qxd8 26. Qxb7 Rh7 27.
Qxa7 Bd4 28. Rd1 Qe7 29. Qa5 Qe2 30. Qd8+ Qe8 31. Qxe8+ Kxe8 32. Ba4+ Ke7 33. b4
Kd6 34. Bb3 Kc6 35. bxc5 Bxc5 36. Kg2 h4 37. h3 Rg7+ 38. Kf1 Rg5 39. Rd8 Rf5 40.
Bxf7 Kc7 41. Rd3 Kb6 42. Bd5 Rh5 43. Be4 Kc7 44. Rd1 Bb6 45. Bd5 Bc5 46. Rd2 Rh8
47. Rc2 Kd6 48. Bb3 Rh5 49. Rd2+ Kc7 50. Ba4 Rf5 51. Rd7+ Kb6 52. Rd3 Rf4 53.
Bb3 Rd4 54. Re3 Rd2 55. Re6+ Ka5 56. Rxf6 Bxf2 57. Rc6 Bg3 58. Rc2 Rd4 59. Ke2
Rd7 60. Rc4 Re7+ 61. Re4 Rg7 62. f4 Rc7 63. f5 Rc5 64. f6 Rf5 65. f7 Rf6 66. Re8 1-0